Slum clearance and improvement : (Record no. 25947)
[ view plain ]
| 000 -LEADER | |
|---|---|
| fixed length control field | 01079cam a2200265 i 4500 |
| 001 - CONTROL NUMBER | |
| control field | 25947 |
| 003 - CONTROL NUMBER IDENTIFIER | |
| rucl marc code | BD-RjUL |
| 005 - DATE AND TIME OF LATEST TRANSACTION | |
| control field | 20211209050941.0 |
| 008 - FIXED-LENGTH DATA ELEMENTS--GENERAL INFORMATION | |
| fixed length control field | 140319t1979 ii 100 0 eng |
| 035 ## - SYSTEM CONTROL NUMBER | |
| System control number | (BD-RjUL)26017 |
| 040 ## - CATALOGING SOURCE | |
| Original cataloging agency | DLC |
| Transcribing agency | DLC |
| Modifying agency | DLC |
| -- | BD-RjUL |
| Language of cataloging | eng |
| 041 ## - LANGUAGE CODE | |
| Language code of text/sound track or separate title | eng |
| 082 00 - DEWEY DECIMAL CLASSIFICATION NUMBER | |
| Classification number | 307.3 |
| Edition number | 19 |
| Author mark and year | SES 1979 |
| 111 2# - MAIN ENTRY--MEETING NAME | |
| Meeting name or jurisdiction name as entry element | Seminar on Slum Clearance and Improvement |
| Date of meeting | (1974 : |
| Location of meeting | New Delhi, India) |
| 9 (RLIN) | 79734 |
| 245 00 - TITLE STATEMENT | |
| Title | Slum clearance and improvement : |
| Remainder of title | (papers of the seminar) / |
| 260 ## - PUBLICATION, DISTRIBUTION, ETC. (IMPRINT) | |
| Place of publication, distribution, etc. | New Delhi : |
| Name of publisher, distributor, etc. | Centre for Urban Studies, Indian Institute of Public Administration, |
| Date of publication, distribution, etc. | 1979. |
| 300 ## - PHYSICAL DESCRIPTION | |
| Pagination | xii, 151 p. ; |
| Size | 23 cm. |
| 500 ## - GENERAL NOTE | |
| General note | Papers presented at a seminar organized by the Centre for Training and Research in Municipal Administration of the Indian Institute of Public Administration, February 1974. |
| 650 #0 - SUBJECT ADDED ENTRY--TOPICAL TERM | |
| Topical term or geographic name as entry element | Slums |
| Geographic subdivision | India |
| General subdivision | Congresses. |
| 9 (RLIN) | 79727 |
| Topical term or geographic name as entry element | Housing |
| Geographic subdivision | India |
| General subdivision | Congresses. |
| 9 (RLIN) | 79728 |
| 710 2# - ADDED ENTRY--CORPORATE NAME | |
| Corporate name or jurisdiction name as entry element | Centre for Training and Research in Municipal Administration. |
| 9 (RLIN) | 79729 |
| 942 ## - ADDED ENTRY ELEMENTS (KOHA) | |
| Source of classification or shelving scheme | Dewey Decimal Classification |
| Koha item type | Books |
| Lost status | Source of classification or shelving scheme | Damaged status | Not for loan | Collection code | Permanent Location | Current Location | Shelving location | Date acquired | Source of acquisition | Cost, normal purchase price | Total Checkouts | Full call number | Date last seen | Copy number | Koha item type |
|---|---|---|---|---|---|---|---|---|---|---|---|---|---|---|---|
| Dewey Decimal Classification | Added to bundle | Non-fiction | Central Library, University of Rajshahi | Central Library, University of Rajshahi | Reading Room | 05/12/1983 | Tulip | 30.00 | 711.59 SES 1979 | 19/03/2014 | C-1 | Books |